[Event "Andorra Open"]
[Site "La Massana AND"]
[Date "2010.07.20"]
[Round "4"]
[White "Delchev,A"]
[Black "Alberto,M ANG"]
[Result "1-0"]
[WhiteElo "2632"]
[BlackElo "2140"]
[EventDate "2010.07.17"]

1. d4 Nf6 2. c4 g6 3. Nc3 Bg7 4. e4 d6 5. Be2 O-O 6. Nf3 Bg4 7. Be3 c6 8.
O-O a6 9. h3 Bxf3 10. Bxf3 Nfd7 11. Rc1 b5 12. Be2 bxc4 13. Bxc4 Nb6 14.
Bb3 N8d7 15. Qe2 Qb8 16. f4 a5 17. a3 c5 18. dxc5 Nxc5 19. Bxc5 dxc5 20. e5
c4 21. Ba2 Qb7 22. Ne4 Rac8 23. Nd2 c3 24. bxc3 Na4 25. Ne4 Nc5 26. Nxc5
Rxc5 27. c4 Qc6 28. Rcd1 Rc8 29. Rf3 e6 30. h4 Qc7 31. Rfd3 Qe7 32. g3 Qa7
33. Kh2 Bf8 34. h5 Rb8 35. R1d2 Rcc8 36. Qg4 Qb6 37. Qg5 Rb7 38. hxg6 hxg6
39. f5 exf5 40. c5 Bxc5 41. Rd6 Bxd6 42. Qxg6+ Kf8 43. Qh6+ Kg8 44. exd6
Rc1 45. Bd5 Rd7 46. Qg6+ Kf8 47. Qh7 Qg1+ 48. Kh3 Qf1+ 49. Bg2 Rxd6 50.
Bxf1 Rxf1 51. Qh8+ Ke7 52. Qh4+ Ke8 53. Rxd6 1-0

[Event "Andorra Open"]
[Site "La Massana AND"]
[Date "2010.07.20"]
[Round "4"]
[White "Zoler,D"]
[Black "Silva Rodriguez,F"]
[Result "1-0"]
[WhiteElo "2474"]
[BlackElo "2115"]
[EventDate "2010.07.17"]

1. d4 d6 2. Nf3 Nf6 3. g3 g6 4. Bg2 Bg7 5. O-O O-O 6. c4 c6 7. Nc3 Bf5 8.
Ne1 Qa5 9. e4 Be6 10. Qd3 Na6 11. Nc2 Rfc8 12. Bd2 Qd8 13. Ne3 Ng4 14. a3
Nxe3 15. Bxe3 b5 16. cxb5 cxb5 17. Rfc1 Bc4 18. Qd2 e6 19. h4 Qd7 20. h5 b4
21. Nd1 Qb5 22. hxg6 hxg6 23. axb4 Nxb4 24. Rc3 Nc6 25. b3 Bxb3 26. Bf1 Qb6
27. Rb1 Na5 28. Nb2 Rxc3 29. Qxc3 Qd8 30. Ra1 Nc6 31. Qxc6 1-0

[Event "Andorra Open"]
[Site "La Massana AND"]
[Date "2010.07.20"]
[Round "4"]
[White "Almagro Llamas,P"]
[Black "Bertrand,Q"]
[Result "1-0"]
[WhiteElo "2451"]
[BlackElo "2124"]
[EventDate "2010.07.17"]

1. e4 c5 2. Nf3 e6 3. b3 d5 4. exd5 exd5 5. Bb5+ Bd7 6. Bxd7+ Nxd7 7. O-O
Ngf6 8. Re1+ Be7 9. Qe2 Kf8 10. Ba3 Bd6 11. Nc3 Qa5 12. Bb2 d4 13. Nb5 Bf4
14. g3 Re8 15. Qc4 a6 16. Rxe8+ Nxe8 17. Nbxd4 cxd4 18. Qxd4 Bd6 19. Qe4
Qc7 20. Re1 Nef6 21. Qf5 g6 22. Qd3 Kg7 23. g4 h6 24. h4 g5 25. hxg5 hxg5
26. Qf5 Bh2+ 27. Kg2 Bf4 28. Re7 Kf8 29. Bxf6 1-0

[Event "Andorra Open"]
[Site "La Massana AND"]
[Date "2010.07.20"]
[Round "4"]
[White "Prieto Aranguren,A"]
[Black "Panelo,M"]
[Result "0-1"]
[WhiteElo "2150"]
[BlackElo "2450"]
[EventDate "2010.07.17"]

1. e4 c5 2. Nf3 d6 3. d4 cxd4 4. Nxd4 Nf6 5. Nc3 a6 6. Bg5 e6 7. Qf3 Be7 8.
O-O-O Qc7 9. Qg3 Nbd7 10. f4 h6 11. Bh4 g5 12. fxg5 Rg8 13. Be2 Ne5 14. Nf3
Nfd7 15. Nxe5 Nxe5 16. Qf2 Bxg5+ 17. Kb1 Bxh4 18. Qxh4 Rg6 19. Qh5 Rxg2 20.
Rhg1 Rxg1 21. Rxg1 Qe7 0-1

[Event "Andorra Open"]
[Site "La Massana AND"]
[Date "2010.07.20"]
[Round "4"]
[White "Albets Armengol,R"]
[Black "Philippe,C"]
[Result "0-1"]
[WhiteElo "2133"]
[BlackElo "2431"]
[EventDate "2010.07.17"]

1. d4 Nf6 2. c4 e6 3. g3 c5 4. Nf3 cxd4 5. Nxd4 d5 6. Bg2 e5 7. Nf3 d4 8.
O-O Nc6 9. e3 Be7 10. exd4 exd4 11. a3 a5 12. b3 O-O 13. Bb2 d3 14. Nc3 Bf5
15. Qd2 Qd7 16. Nh4 Bh3 17. Rfe1 Rad8 18. Bh1 Bc5 19. Ng2 Nd4 20. Nf4 Nxb3
21. Qd1 Nxa1 22. Nxh3 Qxh3 0-1

[Event "Andorra Open"]
[Site "La Massana AND"]
[Date "2010.07.20"]
[Round "4"]
[White "Konguvel,P"]
[Black "Redondo Arguelles,Gr"]
[Result "1-0"]
[WhiteElo "2416"]
[BlackElo "2102"]
[EventDate "2010.07.17"]

1. e4 e6 2. d4 d5 3. Nc3 Nf6 4. e5 Nfd7 5. f4 c5 6. Nf3 a6 7. Be3 Qb6 8.
Na4 Qa7 9. dxc5 Nc6 10. Nd4 Rb8 11. a3 Be7 12. b4 g5 13. g3 gxf4 14. gxf4
Bh4+ 15. Ke2 Bd8 16. c3 Qa8 17. Rg1 Nf8 18. Nb6 Qa7 19. b5 Ne7 20. a4 Rg8
21. Rxg8 Nxg8 22. bxa6 Bxb6 23. Nb5 Qa8 24. cxb6 1-0

[Event "Andorra Open"]
[Site "La Massana AND"]
[Date "2010.07.21"]
[Round "5"]
[White "Hamdouchi,H"]
[Black "Edouard,R"]
[Result "1/2-1/2"]
[WhiteElo "2600"]
[BlackElo "2620"]
[EventDate "2010.07.17"]

1. e4 c5 2. Nc3 d6 3. f4 g6 4. Nf3 Bg7 5. Bb5+ Bd7 6. a4 Nc6 7. O-O Nf6 8.
d3 O-O 9. Bxc6 Bxc6 10. Qe1 e6 11. Kh1 b6 12. Bd2 Rc8 1/2-1/2

[Event "Andorra Open"]
[Site "La Massana AND"]
[Date "2010.07.21"]
[Round "5"]
[White "Bruzon Batista,L"]
[Black "Spraggett,K"]
[Result "1-0"]
[WhiteElo "2653"]
[BlackElo "2575"]
[EventDate "2010.07.17"]

1. e4 e6 2. d4 d5 3. Nd2 c5 4. Ngf3 Nc6 5. exd5 exd5 6. Bb5 Bd6 7. O-O Nge7
8. dxc5 Bxc5 9. Nb3 Bd6 10. c3 O-O 11. Bd3 h6 12. h3 Nf5 13. Re1 Qf6 14.
Bc2 Rd8 15. Qd3 g6 16. Qd2 Bf8 17. Nh2 Kh7 18. Ng4 Qh4 19. Qe2 Bg7 20. Nh2
Nd6 21. Qf3 Bf5 22. Bxf5 Nxf5 23. Bf4 Rac8 24. Rad1 Nfe7 25. Ng4 h5 26. Ne5
Qf6 27. Rd3 Kg8 28. Bh2 Qxf3 29. Nxf3 b6 30. Red1 Bf6 31. Bf4 Rd7 32. g4
hxg4 33. hxg4 Rcd8 34. a3 Nc8 35. Kg2 N8e7 36. Be3 Nc8 37. Nbd4 Na5 38. Bc1
Ne7 39. Nc2 Nb3 40. Bg5 Bxg5 41. Nxg5 Nc5 42. Rh3 f6 43. Nh7 Kg7 44. Nd4
Rd6 45. Re1 R8d7 46. g5 Ng8 47. Re8 fxg5 48. Nf8 Nf6 49. Rc8 Nh5 50. Nxd7
Nf4+ 51. Kh2 Nxh3 52. Nxc5 bxc5 53. Kxh3 cxd4 54. cxd4 Rb6 55. b4 Ra6 56.
Rc3 Kf6 57. Kg4 Re6 58. f3 a6 59. Rc5 Rd6 60. a4 Ke6 1-0

[Event "Andorra Open"]
[Site "La Massana AND"]
[Date "2010.07.21"]
[Round "5"]
[White "Shytaj,L"]
[Black "Kogan,Ar"]
[Result "1/2-1/2"]
[WhiteElo "2466"]
[BlackElo "2541"]
[EventDate "2010.07.17"]

1. e4 c5 2. Nf3 d6 3. d4 cxd4 4. Nxd4 Nf6 5. Nc3 Bd7 6. Bg5 e6 7. Ndb5 Bxb5
8. Bxb5+ Nc6 9. Qf3 Be7 10. e5 Nd5 11. Bxe7 Ndxe7 12. exd6 Qxd6 13. O-O O-O
14. Rfd1 Qc5 15. Qe4 Rad8 16. Bxc6 Nxc6 17. Na4 Qh5 18. Nc3 Qc5 19. Na4 Qb4
20. Qxb4 Nxb4 21. c3 Nd3 22. Rd2 Ne5 23. Rad1 Rc8 24. b4 b6 25. f4 Ng6 26.
g3 Rc7 27. Kf2 h5 28. Kf3 Ne7 29. Rd7 Rfc8 30. c4 Nc6 31. a3 e5 32. Ke4
1/2-1/2

[Event "Andorra Open"]
[Site "La Massana AND"]
[Date "2010.07.21"]
[Round "5"]
[White "Delorme,Ax"]
[Black "Arizmendi Martinez,J"]
[Result "1/2-1/2"]
[WhiteElo "2455"]
[BlackElo "2532"]
[EventDate "2010.07.17"]

1. d4 d5 2. c4 c6 3. Nc3 dxc4 4. e4 b5 5. a4 b4 6. Na2 Nf6 7. e5 Nd5 8.
Bxc4 e6 9. Nf3 Be7 10. O-O a5 11. Bd2 Nb6 12. Bd3 Ba6 13. Bxa6 Nxa6 14. Qe2
O-O 15. Rfd1 Nd5 1/2-1/2

[Event "Andorra Open"]
[Site "La Massana AND"]
[Date "2010.07.21"]
[Round "5"]
[White "Zilberman,Y"]
[Black "Gonzalez Vidal,Y"]
[Result "1-0"]
[WhiteElo "2441"]
[BlackElo "2522"]
[EventDate "2010.07.17"]

1. d4 Nf6 2. c4 e6 3. Nf3 c5 4. d5 exd5 5. cxd5 d6 6. Nc3 g6 7. e4 Bg7 8.
Bg5 O-O 9. Nd2 a6 10. a4 Re8 11. Be2 Nbd7 12. O-O h6 13. Bh4 g5 14. Bg3 Ne5
15. f4 Ng6 16. fxg5 hxg5 17. Qc2 g4 18. Nc4 Nh5 19. Bxd6 Bd4+ 20. Kh1 Ne5
21. Bxe5 Rxe5 22. Qd3 Rg5 23. g3 Nf6 24. Qd2 Rg7 25. Bd3 b6 26. Rae1 Ra7
27. Ne3 Re7 28. Nf5 Bxf5 29. Rxf5 c4 30. Bc2 Be5 31. Rg5 Nd7 32. Rf1 Nc5
33. Rxg7+ Bxg7 34. Qg5 Nb7 35. Qxg4 Nd6 36. Qg5 Qe8 37. Qf4 Re5 38. Qf2 Qd8
39. Ne2 Qc7 40. Nd4 Nxe4 41. Bxe4 Rxe4 42. Nf5 Qd7 43. Qf3 Re8 44. Nxg7
Kxg7 45. Qf6+ Kg8 46. Rf5 Re1+ 47. Kg2 Re2+ 48. Kg1 Qe8 49. Rg5+ Kf8 50.
Qh8+ Ke7 51. Re5+ Rxe5 52. Qxe5+ Kd7 53. Qxe8+ Kxe8 54. Kf2 1-0

[Event "Andorra Open"]
[Site "La Massana AND"]
[Date "2010.07.21"]
[Round "5"]
[White "Paci,C"]
[Black "Cori,J"]
[Result "0-1"]
[WhiteElo "2361"]
[BlackElo "2486"]
[EventDate "2010.07.17"]

1. d4 d5 2. Nf3 Nf6 3. c4 c6 4. e3 a6 5. Bd3 b5 6. cxd5 cxd5 7. a4 b4 8. a5
e6 9. Nbd2 Bb7 10. Ne5 Bd6 11. f4 O-O 12. O-O Nbd7 13. Qf3 Rc8 14. Qh3 Ne4
15. Ndf3 Qe7 16. Bd2 f6 17. Nxd7 Qxd7 18. Be1 g6 19. Nd2 f5 20. Qf3 g5 21.
Qe2 gxf4 22. exf4 Ra8 23. g3 Qg7 24. Qe3 Bc6 25. Nf3 Qb7 26. Qe2 Rfb8 27.
Bd2 Bb5 28. Rfc1 Bxd3 29. Qxd3 Rc8 30. Ng5 Rxc1+ 31. Rxc1 Rc8 32. Rc2 Qd7
33. Nxe4 dxe4 34. Qb3 Kf7 35. Rc4 Qb7 36. Be3 Qd5 37. Rxb4 Bxb4 38. Qxb4
Qc6 39. d5 Qxd5 40. Qb6 Qd1+ 41. Kg2 Rc2+ 42. Bf2 Qf3+ 43. Kh3 Rxf2 0-1

[Event "Andorra Open"]
[Site "La Massana AND"]
[Date "2010.07.21"]
[Round "5"]
[White "Balogh,C"]
[Black "Mogranzini,R"]
[Result "1-0"]
[WhiteElo "2628"]
[BlackElo "2387"]
[EventDate "2010.07.17"]

1. e4 c5 2. Nf3 d6 3. Nc3 Nf6 4. d4 cxd4 5. Nxd4 g6 6. Be3 Bg7 7. f3 O-O 8.
Qd2 Nc6 9. O-O-O d5 10. exd5 Nxd5 11. Nxc6 bxc6 12. Bd4 Nxc3 13. Qxc3 Bh6+
14. Be3 Bxe3+ 15. Qxe3 Qb6 16. Qxe7 Be6 17. Qa3 Rad8 18. Bd3 Rd5 19. b3
Rfd8 20. Rde1 R5d6 21. h4 c5 22. h5 c4 23. bxc4 Qd4 24. hxg6 Qf4+ 25. Kd1
Bf5 26. gxh7+ Kh8 27. Qc3+ f6 28. Ke2 Bxd3+ 29. cxd3 Rxd3 30. Qxd3 Rxd3 31.
Kxd3 Qd6+ 32. Ke2 Qc6 33. Kd3 Qd6+ 34. Ke2 Qe5+ 35. Kf2 Qc5+ 36. Re3 Qd4
37. g3 f5 38. Rh4 1-0

[Event "Andorra Open"]
[Site "La Massana AND"]
[Date "2010.07.21"]
[Round "5"]
[White "Almeida Quintana,O"]
[Black "Berkovich,M"]
[Result "1-0"]
[WhiteElo "2559"]
[BlackElo "2397"]
[EventDate "2010.07.17"]

1. d4 Nf6 2. c4 e6 3. Nf3 d5 4. Nc3 Bb4 5. Qb3 c5 6. cxd5 exd5 7. Bg5 h6 8.
Bh4 g5 9. Bg3 Nc6 10. e3 c4 11. Qc2 Ne4 12. Nd2 Bf5 13. Ndxe4 Bxe4 14. Qd2
Qe7 15. f3 Bg6 16. Be2 O-O-O 17. O-O f5 18. Rfe1 Rhe8 19. Bf2 Kb8 20. b3
cxb3 21. axb3 Rc8 22. Qb2 Qf7 23. Rec1 f4 24. exf4 gxf4 25. Na4 Qg7 26. Nc5
Bxc5 27. Rxc5 Rg8 28. g3 b6 29. Rcc1 Qe7 30. Qd2 Rgf8 31. Ba6 Rc7 32. Rc3
Qb4 33. Rac1 Be8 34. gxf4 Qa5 35. Qe2 Re7 36. Qxe7 1-0

[Event "Andorra Open"]
[Site "La Massana AND"]
[Date "2010.07.21"]
[Round "5"]
[White "De la Riva Aguado,O"]
[Black "Hernandez Gallardo,F"]
[Result "1-0"]
[WhiteElo "2532"]
[BlackElo "2332"]
[EventDate "2010.07.17"]

1. e4 e6 2. d3 d5 3. Nd2 c5 4. Ngf3 Nc6 5. g3 Bd6 6. Bg2 Nge7 7. O-O O-O 8.
Re1 d4 9. e5 Bc7 10. a4 Rb8 11. h4 a6 12. h5 h6 13. Nb3 b6 14. a5 Nxa5 15.
Nxa5 bxa5 16. Nd2 Nd5 17. Nc4 Bd7 18. Qg4 Kh8 19. b3 Nb4 20. Qd1 Bb5 21.
Nb2 f6 22. exf6 Qxf6 23. Rf1 e5 24. Bd2 Rbe8 25. Be4 Bc6 26. Qg4 Bb5 27.
Qd1 Qe6 28. Nc4 Bxc4 29. dxc4 Rf6 30. Kg2 Ref8 31. Qe2 Qe7 32. Qg4 Qe6 33.
Qxe6 Rxe6 34. f3 Ref6 35. Rf2 Kg8 36. Kf1 Rd8 37. g4 Rfd6 38. Ke2 Rf8 39.
Rff1 Bd8 40. Ra4 Kf7 41. Rfa1 Kf6 42. Rxa5 Bxa5 43. Rxa5 d3+ 44. cxd3 Nxd3
45. Bxd3 Rfd8 46. Be1 Rxd3 47. Bh4+ Kf7 48. Bxd8 Rxd8 49. Rxa6 Rb8 50. Ra3
Kf6 51. Ke3 Ke6 52. Ke4 Rb6 53. Ra5 Rc6 54. Rb5 1-0

[Event "Andorra Open"]
[Site "La Massana AND"]
[Date "2010.07.21"]
[Round "5"]
[White "Ipatov,A ESP"]
[Black "Fierro Baquero,M"]
[Result "1-0"]
[WhiteElo "2507"]
[BlackElo "2372"]
[EventDate "2010.07.17"]

1. b3 e5 2. Bb2 Nc6 3. e3 Nf6 4. Bb5 Bd6 5. Na3 a6 6. Be2 b5 7. c4 b4 8.
Nc2 e4 9. f4 O-O 10. Nh3 Bc5 11. Nf2 Re8 12. g4 d6 13. g5 Nd7 14. h4 Nf8
15. h5 Bf5 16. Bg4 Qd7 17. Qe2 a5 18. O-O-O a4 19. Rdg1 axb3 20. axb3 Na5
21. Na1 c6 22. g6 fxg6 23. h6 gxh6 24. Bxf5 Qxf5 25. Ng4 1-0

[Event "Andorra Open"]
[Site "La Massana AND"]
[Date "2010.07.21"]
[Round "5"]
[White "Pavlovic,Milo2"]
[Black "Trepat Herranz,J"]
[Result "1/2-1/2"]
[WhiteElo "2483"]
[BlackElo "2322"]
[EventDate "2010.07.17"]

1. e4 c6 2. d4 d5 3. e5 Bf5 4. h4 h5 5. Bg5 Qb6 6. Bd3 Bxd3 7. Qxd3 Qa6 8.
Qf3 e6 9. Ne2 c5 10. O-O Nc6 11. c3 Nge7 12. Nd2 cxd4 13. cxd4 Nf5 14. Nb3
Qb6 15. Rfd1 Be7 16. Bxe7 Ncxe7 17. g3 g6 18. Rac1 O-O 19. Rc3 1/2-1/2

[Event "Andorra Open"]
[Site "La Massana AND"]
[Date "2010.07.21"]
[Round "5"]
[White "Cruz Lopez Claret,C"]
[Black "Zoler,D"]
[Result "1/2-1/2"]
[WhiteElo "2307"]
[BlackElo "2474"]
[EventDate "2010.07.17"]

1. d4 Nf6 2. c4 e6 3. Nc3 Bb4 4. e3 O-O 5. Nge2 d5 6. a3 Be7 7. cxd5 exd5
8. g3 Re8 9. Bg2 Bf8 10. O-O a5 11. Qc2 c6 12. Bd2 b5 13. f3 Ba6 14. Rf2 b4
15. Na4 Bb5 16. Nc5 Nbd7 17. Nxd7 Qxd7 18. Nf4 c5 19. dxc5 d4 20. e4 d3 21.
Qc1 g5 22. Nh3 h6 23. axb4 axb4 24. Rxa8 Rxa8 25. Bxb4 Qd4 26. Bc3 Qxc5 27.
b4 Qb6 28. Bf1 Rc8 29. Qb2 Ne8 30. Bd4 Qe6 31. Rd2 Nd6 32. Qb1 Rc2 33. Rxc2
dxc2 34. Qxc2 1/2-1/2

[Event "Andorra Open"]
[Site "La Massana AND"]
[Date "2010.07.21"]
[Round "5"]
[White "Vernay,C"]
[Black "Hamdouchi,A"]
[Result "1/2-1/2"]
[WhiteElo "2470"]
[BlackElo "2319"]
[EventDate "2010.07.17"]

1. d4 d6 2. c4 f5 3. Bg5 g6 4. Nc3 Bg7 5. g3 h6 6. Be3 Nf6 7. Bg2 O-O 8. d5
c5 9. h4 Na6 10. Nh3 Ng4 11. Bd2 Nc7 12. Nf4 Ne5 13. b3 Rb8 14. a4 b6 15.
Nb5 a6 16. Nxc7 Qxc7 17. O-O Qd8 18. Ne6 Bxe6 19. dxe6 Qc8 20. Bd5 Kh7 21.
h5 g5 22. f4 gxf4 23. Rxf4 Ng4 24. Qb1 Bxa1 25. Rxg4 Rf6 26. Rg6 Bd4+ 27.
e3 Be5 28. g4 Qf8 29. gxf5 Rxg6+ 30. hxg6+ Kg7 31. e4 Qf6 32. Qe1 Rh8 33.
Kg2 Bd4 34. Qg3 Be5 35. Qe1 Bd4 36. Qg3 Be5 37. Qe1 1/2-1/2

[Event "Andorra Open"]
[Site "La Massana AND"]
[Date "2010.07.21"]
[Round "5"]
[White "Berthelot,Y"]
[Black "Almagro Llamas,P"]
[Result "1/2-1/2"]
[WhiteElo "2272"]
[BlackElo "2451"]
[EventDate "2010.07.17"]

1. e4 c6 2. d4 d5 3. Nc3 dxe4 4. Nxe4 Bf5 5. Ng3 Bg6 6. h4 h6 7. Nf3 Nf6 8.
Ne5 Bh7 9. Bd3 Bxd3 10. Qxd3 e6 11. Bd2 Nbd7 12. f4 Qc7 13. O-O-O Bd6 14.
Ne4 Nxe4 15. Qxe4 Nf6 16. Qe2 O-O-O 17. c4 h5 18. Bc3 Rhe8 19. Rh3 g6 20.
Rhd3 Ng8 21. Qf3 Nh6 22. g3 Nf5 23. R3d2 f6 24. Nd3 Be7 25. Nf2 g5 26. hxg5
fxg5 27. d5 g4 28. Qe4 Bd6 29. Nh1 cxd5 30. cxd5 Qf7 31. dxe6 Rxe6 32. Qc4+
Kb8 33. Re2 Re7 34. Qxf7 Rxf7 35. Be5 Rc8+ 36. Kb1 Bxe5 37. Rxe5 a6 38. a3
Rg8 39. Rde1 Ka7 40. Re8 Rgg7 41. Rg1 Re7 42. Rh8 Re2 43. Rxh5 Nd6 44. Rc1
Rge7 45. Rd5 Rh7 46. Rxd6 Rhh2 47. Rcd1 Rxb2+ 48. Ka1 Ra2+ 49. Kb1 Rab2+
50. Ka1 1/2-1/2

[Event "Andorra Open"]
[Site "La Massana AND"]
[Date "2010.07.21"]
[Round "5"]
[White "Panelo,M"]
[Black "Visa Jordana,J"]
[Result "1-0"]
[WhiteElo "2450"]
[BlackElo "2261"]
[EventDate "2010.07.17"]

1. d4 Nf6 2. c4 e6 3. Nf3 d5 4. Nc3 Be7 5. Bg5 O-O 6. e3 Nbd7 7. Rc1 a6 8.
Qc2 c6 9. a3 b5 10. c5 h6 11. Bf4 Nh5 12. Be5 g5 13. Be2 Ng7 14. h4 f6 15.
Bd6 g4 16. Nd2 Bxd6 17. cxd6 f5 18. Na2 Bb7 19. Nb4 Rc8 20. Nd3 Ne8 21. Nc5
Nxc5 22. dxc5 Nf6 23. Qc3 Nd7 24. f3 h5 25. e4 fxe4 1-0

[Event "Andorra Open"]
[Site "La Massana AND"]
[Date "2010.07.21"]
[Round "5"]
[White "Morros Faura,R"]
[Black "Konguvel,P"]
[Result "1/2-1/2"]
[WhiteElo "2205"]
[BlackElo "2416"]
[EventDate "2010.07.17"]

1. e4 c5 2. Nf3 e6 3. d4 cxd4 4. Nxd4 Nf6 5. Nc3 d6 6. Be3 a6 7. a4 Nc6 8.
Be2 Be7 9. O-O O-O 10. f4 Qc7 11. Nb3 b6 12. Bf3 Bb7 13. Qe1 Rfe8 14. Qf2
Nd7 15. Rad1 Nc5 16. Rd2 Bf6 17. e5 dxe5 18. Bxc5 bxc5 19. Nxc5 exf4 20.
Rd7 Qxd7 21. Nxd7 Bd4 22. Qxd4 Nxd4 23. Bxb7 Ra7 24. Nc5 Rb8 25. Bxa6 Rxb2
26. Nb5 Nxb5 27. axb5 Ra8 28. Nd3 Rxc2 29. Rc1 Rxc1+ 30. Nxc1 Kf8 31. Nd3
Ke7 32. Nxf4 1/2-1/2

[Event "Andorra Open"]
[Site "La Massana AND"]
[Date "2010.07.22"]
[Round "6"]
[White "Edouard,R"]
[Black "Zilberman,Y"]
[Result "1/2-1/2"]
[WhiteElo "2620"]
[BlackElo "2441"]
[EventDate "2010.07.17"]

1. d4 Nf6 2. c4 e6 3. Nf3 d5 4. Nc3 c5 5. cxd5 Nxd5 6. e4 Nxc3 7. bxc3 cxd4
8. cxd4 Bb4+ 9. Bd2 Bxd2+ 10. Qxd2 O-O 11. Bc4 Nc6 12. O-O b6 13. Rad1 Na5
14. Bd3 Bb7 15. Rfe1 Rc8 16. Bb1 Nc4 17. Qf4 Qf6 18. Qg3 Qg6 19. Qh3 Qh6
20. Qxh6 gxh6 21. Rd3 Rfd8 22. h3 b5 23. d5 exd5 24. e5 b4 25. Nd4 Nxe5 26.
Rxe5 Rc1+ 27. Kh2 Rxb1 28. Re7 Bc8 29. Nc6 Rf8 30. Rxa7 Be6 31. Nd4 Bc8 32.
Nc6 Be6 33. Nd4 Bc8 34. Rg3+ Kh8 35. Ra8 Rc1 36. Rb8 Rc4 37. Nf5 Rc2 38. f4
Rxa2 39. Ne7 Rc2 40. f5 f6 41. Nxd5 Rd2 42. Nxb4 Rdd8 43. Nc6 Rde8 44. Nd4
Rd8 45. Rg4 h5 46. Re4 Rg8 47. Rb6 Rd7 48. Rf4 Bb7 49. Rb2 Rdg7 50. Rff2
Bd5 51. Ne6 Bxe6 52. fxe6 Re8 53. Rb6 Rge7 54. Re2 h4 55. Kg1 Kg7 56. Kf2
f5 57. Rb4 1/2-1/2

[Event "Andorra Open"]
[Site "La Massana AND"]
[Date "2010.07.22"]
[Round "6"]
[White "Balogh,C"]
[Black "Hamdouchi,H"]
[Result "1/2-1/2"]
[WhiteElo "2628"]
[BlackElo "2600"]
[EventDate "2010.07.17"]

1. e4 d5 2. exd5 Qxd5 3. Nc3 Qa5 4. d4 Nf6 5. Nf3 Bf5 6. Bc4 c6 7. Bd2 e6
8. Nd5 Qd8 9. Nxf6+ gxf6 10. Bb3 a5 11. a4 Na6 12. Qe2 Nb4 13. Bxb4 axb4
14. Nh4 Bg6 15. Qe3 Bg7 1/2-1/2

[Event "Andorra Open"]
[Site "La Massana AND"]
[Date "2010.07.22"]
[Round "6"]
[White "Almeida Quintana,O"]
[Black "Shytaj,L"]
[Result "0-1"]
[WhiteElo "2559"]
[BlackElo "2466"]
[EventDate "2010.07.17"]

1. d4 d5 2. c4 c6 3. Nf3 Nf6 4. Nc3 e6 5. Bg5 h6 6. Bh4 dxc4 7. e4 g5 8.
Bg3 b5 9. Ne5 Bb7 10. h4 g4 11. Nxg4 Nbd7 12. Nxf6+ Qxf6 13. a4 a6 14. Be2
Rg8 15. O-O b4 16. Bxc4 bxc3 17. bxc3 c5 18. Qb3 Bxe4 19. Rfe1 Qf5 20. d5
Rb8 21. dxe6 Rxb3 22. exf7+ Qxf7 23. Rxe4+ Be7 24. Bxf7+ Kxf7 25. Rae1 Bf6
26. Rd1 Rb7 27. Rd6 a5 28. Ra6 Bxc3 29. Bd6 Nf6 30. Rf4 Rd8 31. g4 Rb4 0-1

[Event "Andorra Open"]
[Site "La Massana AND"]
[Date "2010.07.22"]
[Round "6"]
[White "Paunovic,D"]
[Black "Delorme,Ax"]
[Result "1-0"]
[WhiteElo "2553"]
[BlackElo "2455"]
[EventDate "2010.07.17"]

1. c4 Nf6 2. Nc3 e6 3. Nf3 d5 4. d4 dxc4 5. e3 a6 6. a4 b6 7. Bxc4 Bb7 8.
O-O Bb4 9. Qe2 O-O 10. Rd1 Qe7 11. Bd3 Nbd7 12. e4 e5 13. dxe5 Nxe5 14.
Nxe5 Qxe5 15. f3 Bc5+ 16. Be3 Rfd8 17. Bc4 h5 18. Qf2 Bxe3 19. Qxe3 h4 20.
Bf1 Nh5 21. Rd2 Rxd2 22. Qxd2 Nf4 23. Rd1 Re8 24. Kh1 Ne6 25. Qf2 Qg5 26.
Bc4 Rd8 27. Rxd8+ Qxd8 28. Bxe6 fxe6 29. Qe1 c5 30. Kg1 Qd6 31. Kf2 1-0

[Event "Andorra Open"]
[Site "La Massana AND"]
[Date "2010.07.22"]
[Round "6"]
[White "Givon,A"]
[Black "Narciso Dublan,M"]
[Result "0-1"]
[WhiteElo "2194"]
[BlackElo "2540"]
[EventDate "2010.07.17"]

1. e4 c6 2. d4 d5 3. Nd2 dxe4 4. Nxe4 Bf5 5. Nc5 e5 6. Nxb7 Qb6 7. Nc5 exd4
8. Nb3 Bb4+ 9. Bd2 Nf6 10. Bd3 Bxd3 11. cxd3 O-O 12. Ne2 c5 13. O-O Bxd2
14. Qxd2 a5 15. Rac1 Nbd7 16. Qc2 Rfb8 17. Nxc5 Nxc5 18. Qxc5 Qxc5 19. Rxc5
Rxb2 20. Nxd4 Rxa2 21. Rfc1 g6 22. Rc8+ Rxc8 23. Rxc8+ Kg7 24. h3 Nd5 25.
Ra8 Nb4 26. Nb3 a4 27. Nc5 a3 28. Ra4 Ra1+ 29. Kh2 a2 30. Rxb4 Rh1+ 0-1

[Event "Andorra Open"]
[Site "La Massana AND"]
[Date "2010.07.22"]
[Round "6"]
[White "Arizmendi Martinez,J"]
[Black "Philippe,C"]
[Result "1-0"]
[WhiteElo "2532"]
[BlackElo "2431"]
[EventDate "2010.07.17"]

1. e4 Nf6 2. e5 Nd5 3. d4 d6 4. c4 Nb6 5. exd6 exd6 6. Nc3 Be7 7. Bd3 Nc6
8. Nge2 O-O 9. O-O Bg4 10. f3 Bh5 11. b3 Bf6 12. Be3 Re8 13. Qd2 Bg6 14.
Be4 a5 15. Nf4 Bg5 16. Rae1 a4 17. c5 dxc5 18. dxc5 Qxd2 19. Bxd2 Bxe4 20.
cxb6 Bd3 21. Rxe8+ Rxe8 22. Rd1 Bc2 23. Rc1 axb3 24. axb3 Nd4 25. bxc7 Bf5
26. Rd1 Nxb3 27. Be3 Kf8 28. Ne4 Be7 29. Bb6 Bxe4 30. fxe4 Nc5 31. Rc1 Rc8
32. Bxc5 Rxc7 33. Bxe7+ Rxe7 34. Rc8+ Re8 35. Rxe8+ Kxe8 36. Kf2 Kd7 37.
Ke3 g5 38. Nd5 Ke6 39. g4 Ke5 40. Nb6 1-0

[Event "Andorra Open"]
[Site "La Massana AND"]
[Date "2010.07.22"]
[Round "6"]
[White "Gagarin,V"]
[Black "De la Riva Aguado,O"]
[Result "1/2-1/2"]
[WhiteElo "2403"]
[BlackElo "2532"]
[EventDate "2010.07.17"]

1. d4 g6 2. e4 Bg7 3. c3 d5 4. exd5 Qxd5 5. Be2 Nf6 6. Bf3 Qd8 7. Ne2 O-O
8. O-O Nbd7 9. Bf4 c6 10. Nd2 Nd5 11. Bg3 N7f6 12. Re1 Bf5 13. Nc4 Be4 14.
Bxe4 Nxe4 15. Be5 Nd6 16. Nxd6 1/2-1/2

[Event "Andorra Open"]
[Site "La Massana AND"]
[Date "2010.07.22"]
[Round "6"]
[White "Gonzalez Vidal,Y"]
[Black "Cruz Lopez Claret,C"]
[Result "1/2-1/2"]
[WhiteElo "2522"]
[BlackElo "2307"]
[EventDate "2010.07.17"]

1. e4 e5 2. Nf3 Nc6 3. Bc4 Nf6 4. d3 Bc5 5. c3 a6 6. Bb3 Ba7 7. Nbd2 O-O 8.
h3 d5 9. exd5 Nxd5 10. Ne4 f6 11. O-O Be6 12. Re1 Qd7 13. d4 exd4 14. cxd4
Rad8 15. a3 Rfe8 16. Qd3 Bf7 17. Bd2 Nce7 18. Nc5 Qc8 19. Rac1 c6 20. Ba2
Ng6 21. Qb3 Bxc5 22. dxc5 Qd7 23. Rxe8+ Rxe8 24. Qd3 Qc7 25. g3 Ne5 26.
Nxe5 Qxe5 27. Qb3 Re7 28. Re1 Qc7 29. Qd1 Qd7 30. h4 Qe8 31. Rxe7 Qxe7 32.
Qg4 Qe6 33. Qxe6 Bxe6 34. f3 Kf7 35. Kf2 Ne7 36. Bb1 Bf5 37. Ba2+ Be6 38.
Bb1 Bf5 1/2-1/2

[Event "Andorra Open"]
[Site "La Massana AND"]
[Date "2010.07.22"]
[Round "6"]
[White "Hamdouchi,A"]
[Black "Pavlovic,Milo2"]
[Result "0-1"]
[WhiteElo "2319"]
[BlackElo "2483"]
[EventDate "2010.07.17"]

1. Nf3 g6 2. g3 Bg7 3. Bg2 Nf6 4. O-O O-O 5. d4 d5 6. c3 Bf5 7. Re1 Nbd7 8.
Nbd2 c5 9. dxc5 Nxc5 10. Nb3 Nce4 11. Nfd4 Bd7 12. f3 Nd6 13. Nc5 e5 14.
Nxd7 Nxd7 15. Nc2 Nb6 16. e4 dxe4 17. fxe4 Qe7 18. Qe2 Rac8 19. a4 Nbc4 20.
Nb4 Qe6 21. Nd5 Na5 22. Be3 b6 23. Rad1 Ndc4 24. Bf2 Kh8 25. Qc2 Bh6 26.
Kh1 Nb7 27. Qe2 Nbd6 28. b3 Na5 29. Qb2 Rfd8 30. c4 Bg7 31. Nc3 Nc6 32. Nd5
Na5 33. Be3 Nc6 34. Bf2 Nd4 35. Rxd4 exd4 36. Bxd4 Nf5 37. Bxg7+ Nxg7 38.
Nf4 Qd6 39. Bh3 Rc5 40. Nd5 Re8 41. e5 Rxd5 42. cxd5 Qxd5+ 43. Bg2 Qe6 44.
Qd4 f6 45. Bd5 fxe5 46. Qc4 Qd6 47. Qe4 Nh5 48. Bc4 Nf6 49. Qb7 Re7 50.
Qc8+ Kg7 51. g4 Rc7 52. Qe6 Qxe6 53. Bxe6 Re7 54. Rxe5 Nxg4 55. Re2 Nh6 56.
Bc4 Rxe2 57. Bxe2 a5 58. Kg2 Kf6 59. Kf3 Ke5 60. Ke3 Nf5+ 61. Kd3 h5 62.
Kc3 Ne3 63. Kd3 Kf4 64. Kd4 h4 65. h3 g5 66. Bb5 g4 67. hxg4 Nxg4 68. Bc6
h3 69. Bh1 Ne3 70. Kd3 Ng2 71. Ke2 Kg3 0-1